Statistics for Guess the fruit

Click here to take the quiz!

General Stats

  • This quiz has been taken 30 times
    (21 since last reset)
  • The average score is 29 of 36

Answer Stats

Answer% Correct
Avocado
100%
Banana
100%
Lemon
100%
Lime
100%
Orange
100%
Pineapple
100%
Tomato
100%
Blueberry
94%
Dragonfruit
94%
Mango
94%
Pear
94%
Watermelon
94%
Cherry
89%
Coconut
89%
Cucumber
89%
Grape
89%
Kiwi
89%
Peach
89%
Plum
89%
Strawberry
89%
Blackberry
83%
Pomegranate
83%
Raspberry
83%
Lychee
78%
Starfruit
78%
Fig
72%
Grapefruit
72%
Papaya
72%
Apple
67%
Cranberry
61%
Apricot
56%
Cantaloupe
44%
Persimmon
44%
Kumquat
33%
Mangosteen
28%
Currant
22%

Score Distribution

Percentile by Number Answered

Percent of People with Each Score

Your Score History

You have not taken this quiz since the last reset